Kristallausscheidung in der kalkverätzten Hornhaut nach der Behandlung mit dem Dinatriumsalz der Athylendiamintetraessigsäure/ Komplexon III [különlenyomat] /

Elmentve itt :
Bibliográfiai részletek
Szerzők: Szeghy Gergely
Szlamka Klára
Dokumentumtípus: Cikk
Megjelent: 1961
Sorozat:Kolligátum
Kulcsszavak:Szemészet
Online Access:http://misc.bibl.u-szeged.hu/26723
LEADER 00690nab a2200181 i 4500
001 misc26723
005 20191108150104.0
008 170829s1961 hu o 0|| zxx d
040 |a SZTE Miscellanea Repozitórium  |b hun 
041 |a zxx 
100 1 |a Szeghy Gergely 
245 1 0 |a Kristallausscheidung in der kalkverätzten Hornhaut nach der Behandlung mit dem Dinatriumsalz der Athylendiamintetraessigsäure/ Komplexon III  |h [elektronikus dokumentum] :  |b [különlenyomat] /  |c  Szeghy Gergely 
260 |c 1961 
300 |a 667-669 
490 0 |a Kolligátum 
695 |a Szemészet 
700 0 1 |a Szlamka Klára  |e aut 
856 4 0 |u http://misc.bibl.u-szeged.hu/26723/1/019_011_667-669.pdf  |z Dokumentum-elérés